00531nam a2200193 a 4500001001300000003000900013005001700022008004100039020002300080082001600103100001900119245006200138260004400200300000900244500003500253505001000288650002000298700001900318nice12345678IN_TiNIC20260116013803.0050524s1993 newa grp 000 0 eng  a0312248 c37500a297.82bPIN aPinault, David aShiitesb Rituals and Popular Piety in a Muslim Community aNewyork, USA bSt.Martin`s Press c1993 a210p aincludes index and biblioraphy2 aIndex aShiah-Hyderabad1 aPinault, David